শিক্ষা বিজ্ঞান দর্শন / (Record no. 18572)

MARC details
000 -LEADER
fixed length control field 00696nam a22002057a 4500
003 - CONTROL NUMBER IDENTIFIER
control field BDDh-ASL
005 - DATE AND TIME OF LATEST TRANSACTION
control field 20231015025720.0
008 - FIXED-LENGTH DATA ELEMENTS--GENERAL INFORMATION
fixed length control field 201015s1985 b ||||| |||| 00| 0 be d
040 ## - CATALOGING SOURCE
Original cataloging agency BDDh-ASL
Transcribing agency BDDh-ASL
041 ## - LANGUAGE CODE
Language code of text/sound track or separate title ben
082 ## - DEWEY DECIMAL CLASSIFICATION NUMBER
Classification number 370
Item number IBS
100 1# - MAIN ENTRY--PERSONAL NAME
9 (RLIN) 1402
Personal name ইব্রাহীম, মুহম্মদ
245 10 - TITLE STATEMENT
Title শিক্ষা বিজ্ঞান দর্শন /
246 ## - VARYING FORM OF TITLE
Title proper/short title Shikkha Biggan Darshan
260 ## - PUBLICATION, DISTRIBUTION, ETC.
Place of publication, distribution, etc. ঢাকা :
Name of publisher, distributor, etc. মুক্তধারা,
Date of publication, distribution, etc. ১৯৮৫ ।
300 ## - PHYSICAL DESCRIPTION
Extent ১৩৫ পৃ. ;
Dimensions ২১ সেমি. ।
650 04 - SUBJECT ADDED ENTRY--TOPICAL TERM
9 (RLIN) 1399
Topical term or geographic name entry element শিক্ষা
651 04 - SUBJECT ADDED ENTRY--GEOGRAPHIC NAME
9 (RLIN) 1403
Geographic name বিজ্ঞান ও দর্শন
942 ## - ADDED ENTRY ELEMENTS (KOHA)
Source of classification or shelving scheme Dewey Decimal Classification
Koha item type Books
Holdings
Withdrawn status Lost status Source of classification or shelving scheme Damaged status Not for loan Collection code Home library Current library Shelving location Date acquired Source of acquisition Total Checkouts Full call number Barcode Date last seen Copy number Price effective from Koha item type
    Dewey Decimal Classification     Non-fiction Asiatic Society Library Asiatic Society Library General Stacks 10/15/2020 Donated by Professor Husniara Huq   370 IBS 101775 10/15/2020 C-1 10/15/2020 Books

Powered by Koha